Statistics for India Trivia

Click here to take the quiz!

General Stats

  • This quiz has been taken 17 times
  • The average score is 8 of 20

Answer Stats

HintAnswer% Correct
Common First LanguageHindi
94%
Most Common ReligionHinduism
94%
Most Common ReligionIslam
81%
Most Common ReligionSikh
81%
Most Common ReligionChristianity
75%
Common First LanguageBengali
69%
Common First LanguageTamil
69%
Common First LanguageMarathi
56%
"Great Trinity" of gods in religion #1Brahma
50%
"Great Trinity" of gods in religion #1Shiva
50%
Common First LanguageTelugu
44%
"Great Trinity" of gods in religion #1Vishnu
44%
Famous Landmark ( Delhi )Red Fort
31%
Famous LandMark ( Tamil Nadu )Meenakshi Temple
6%
"Great Trinity" of gods in religion #1Cow
0%
Leaders Signed the Agreement to free IndiaLiaqat Ali
0%
Leader of Independence from BritainMohandas Karamchand Gandhi
0%
Leaders Signed the Agreement to free IndiaMuhammed Ali Jinnah
0%
Famous Landmark ( Delhi )Qutb Minar
0%
Famous LandMark ( Tamil Nadu )Thiruvalluvar Statue
0%

Score Distribution

Percentile by Number Answered

Percent of People with Each Score

Your Score History

You have not taken this quiz